| 000 | 00588nam a22001817a 4500 | ||
|---|---|---|---|
| 999 |
_c3645 _d3645 |
||
| 003 | AR-CdUCM | ||
| 008 | 190307b ||||| |||| 00| 0 spa d | ||
| 040 |
_aMUNICIPALIDAD PROVINCIAL DEL CUSCO _cBIBLIOTECA MUNICIPAL DEL CUSCO |
||
| 082 |
_a869.55 / _bC55 |
||
| 100 |
_aCisneros, Luis Benjamín _911879 |
||
| 245 |
_aDe libres alas : _bPoesías completas / |
||
| 260 |
_aLima : _bRosay, |
||
| 300 |
_a214 paginas ; _c20 cm. |
||
| 505 | _aContenido : El poeta -- Su vida -- Su obra -- De libres alas ... | ||
| 650 |
_aPoesía latinoamericana _92147 |
||
| 942 |
_2ddc _cLIBROS |
||
| 945 | _arah | ||